| 000 | 00738nam a22001577a 4500 | ||
|---|---|---|---|
| 003 | OSt | ||
| 005 | 20160104160159.0 | ||
| 008 | 160104b xxu||||| |||| 00| 0 eng d | ||
| 040 | _cRUA | ||
| 082 | _aLMA CHH 2013 B317 Or.1 | ||
| 100 |
_95987 _aCHHEANG, MARADY. |
||
| 245 | _aStudy on establishing ground control point network in srektum commune kaevsema district mondolkiri, សិក្សាអំពីការវាស់វែងបង្កើតបណ្ដាញបង្គោលប្រថពីវិភាគនៅឃុំស្រែខ្ទុម ស្រុកកែវសីមាខេត្តមណ្ឌលគិរី | ||
| 260 |
_aPhnom Penh _bRUA _c2013 |
||
| 300 |
_axi; 41p. _bill. _c29cm. |
||
| 942 |
_2ddc _cLMA |
||
| 999 |
_c5584 _d5584 |
||